Summertime Quiz - Statistics

General Stats
  • This quiz has been taken 21 times
  • The average score is 7 of 15
Answer Stats
Hint Answer % Correct
Month in which midsummers day occurs in the Northern hemisphere June
100%
In which month was the 1969 Woodstock festival held? August
92%
Month in which midsummers day occurs in the Southern hemisphere December
92%
Which year in the 60's was described as the Summer Of Love? 1967
77%
What is the name given to a period of unseasonal hot, dry Autumn weather? Indian Summer
77%
The song Summer Nights was featured in which 1978 film? Grease
54%
Historic site in the UK where people flock to celebrate the Summer Solstice Stonehenge
54%
In which year was the 'long hot Summer' in the UK? 1976
46%
Which group had a 1978 hit with Summernight City Abba
31%
Play that features the characters Titania, Oberon and Bottom A Midsummer Nights Dream
31%
Group who had a 60's hit with Sunny Afternoon Kinks
31%
Which disco group had a 1977 hit with the song Sunny? Boney M
15%
Which UK dance group had a 2000 hit with Summer Of Love Steps
15%
And what city was the previous song about? Stockholm
15%
Which English word is rumoured to come from the Norse and old English word for stream? Beach
8%
No matching quizzes found
Score Distribution
Percent of People with Each Score
Percentile by Number Answered
Your Score History
You have not taken this quiz